000 00726nam a2200253Ia 4500
003 OSt
005 20220928111317.0
006 a|||||r|||| 00| 0
007 ta
008 220927b |||||||| |||| 00| 0 eng d
020 _c595
024 _a110161
037 _b184, 15/12/2010, Pioneer Book Distributors
_cTextual
040 _aSDCL
_cSDCL
_beng
041 _2eng
_aeng
082 _aO157,1M61x, P5.1
100 _aTagore Rabindranath
245 0 _aTagore omnibus.V1
260 _c2005
300 _a726p.
_ccm.
650 _aInstitute of Life Long Learning
942 _hO157,1M61x, P5.1
_cTEXL
_2CC
999 _c739610
_d739610